[Event "Medellin Antioquia 2nd League"]
[Site "Medellin"]
[Date "2021.??.??"]
[Round "6"]
[White "Lucio Pinzon, Santiago"]
[Black "Sanabria, Edgar"]
[Result "0-1"]
[WhiteElo "1240"]
[BlackElo "1549"]
[PlyCount "66"]
[EventDate "2021.08.31"]
[EventType "swiss"]
[EventRounds "7"]
[EventCountry "COL"]
[SourceTitle "CBM 204 Extra"]
[Source "ChessBase"]
[SourceDate "2021.11.30"]
[SourceVersion "1"]
[SourceVersionDate "2021.11.30"]
[SourceQuality "1"]

1. e4 d5 2. exd5 Qxd5 3. Nc3 Qd6 4. Nf3 Bg4 5. Be2 c6 6. d4 Nf6 7. h3 Bh5 8. Be3 e6 9. Qd3 Be7 10. Bg5 Nbd7 11. Ne4 Nxe4 12. Bxe7 Qxe7 13. Qxe4 Qb4+ 14. Nd2 Bxe2 15. Qxe2 Qxd4 16. 0-0-0 Nc5 17. Nc4 Qf4+ 18. Rd2 Rd8 19. Rhd1 0-0 20. Kb1 Rd5 21. g3 Qc7 22. f4 Rfd8 23. h4 b5 24. Rxd5 cxd5 25. Ne5 a6 26. Qg4 Rc8 27. Rc1 b4 28. h5 Ne4 29. h6 g6 30. Qh4 b3 31. Ng4 bxa2+ 32. Kxa2 Qa5+ 33. Kb1 Nd2# 0-1